[Event "May Grunfeld"]
[Site "SchemingMind.com"]
[Date "2016.06.22"]
[Round "-"]
[White "flyinduck"]
[Black "frankly"]
[Result "0-1"]
[WhiteCountry "CAN"]
[BlackCountry "ENG"]
[WhiteElo "2052"]
[WhiteRD "58"]
[BlackElo "2475"]
[BlackRD "61"]
[GameID "400721"]

1. d4 Nf6 2. c4 g6 3. Nc3 d5 4. cxd5 Nxd5 5. e4 Nxc3 6. bxc3 Bg7 7. Be3 c5 8. Qd2 O-O 9. Nf3 Bg4 10. Be2 Qa5
11. Rc1 e6 12. O-O Bxf3 13. Bxf3 cxd4 14. Bxd4 Bxd4 15. Qxd4 Nc6 16. Qd2 Rfd8 17. Qb2 Ne5 18. Be2 b6 19. f4 Qc5+ 20. Kh1 Nd3
21. Bxd3 Rxd3 22. f5 Qe5 23. fxg6 hxg6 24. Qf2 Rf8 25. a4 Qxe4 26. a5 bxa5 27. Qxa7 Rd2 28. Rf2 Rxf2 29. Qxf2 a4 30. c4 a3
31. c5 Ra8 32. Qa2 Qe3
0-1